| Tag |
First Indicator |
Second Indicator |
Subfields |
| LEADER |
00000cam a2200000 a 4500 |
| 001 |
in00000657613 |
| 005 |
20151015073954.0 |
| 008 |
800806s1979 ne a b 10010 engmd |
| 020 |
|
|
|a 9028607196
|
| 035 |
|
|
|a (OCoLC)06590163
|
| 035 |
|
|
|9 ACX2485AM
|
| 040 |
|
|
|a LYU
|c LYU
|d m.c.
|d TXA
|d UtOrBLW
|
| 049 |
|
|
|a TXAM
|c [1632925]
|
| 090 |
|
|
|a TA409
|b .I44 1979
|
| 092 |
|
|
|a 620.1126
|b I61pr
|
| 111 |
2 |
|
|a International Conference on Fracture Mechanics in Engineering Application
|d (1979 :
|c Bangalore, India)
|
| 245 |
1 |
0 |
|a Proceedings of an international conference on fracture mechanics in engineering application :
|b held at the National Aeronautical Laboratory, Bangalore, India, March 26-30, 1979 /
|c editors: G.C. Sih, S.R. Valluri.
|
| 264 |
|
1 |
|a Alphen aan den Rijn, The Netherlands ;
|a Germantown, Md. :
|b Sijthoff & Noordhoff,
|c 1979.
|
| 300 |
|
|
|a xxi, 869 pages :
|b illustrations ;
|c 25 cm.
|
| 336 |
|
|
|a text
|b txt
|2 rdacontent
|
| 337 |
|
|
|a unmediated
|b n
|2 rdamedia
|
| 338 |
|
|
|a volume
|b nc
|2 rdacarrier
|
| 500 |
|
|
|a Cover title: Fracture mechanics in engineering application.
|
| 504 |
|
|
|a Includes bibliographies.
|
| 650 |
|
0 |
|a Fracture mechanics
|v Congresses.
|
| 700 |
1 |
|
|a Sih, G. C.
|q (George C.)
|
| 700 |
1 |
|
|a Valluri, S. R.
|
| 740 |
0 |
|
|a Fracture mechanics in engineering application.
|
| 999 |
|
|
|a MARS
|
| 999 |
f |
f |
|s 21d81dec-b1d6-335d-a4bb-6ee6411014a2
|i bb218ce6-a548-3a7e-aaa6-6b5a2f072d15
|t 0
|
| 952 |
f |
f |
|p ric
|a Texas A&M University
|b Rellis Campus
|c Joint Library Facility
|d Remote Storage
|t 0
|e TA409 .I44 1979
|h Library of Congress classification
|i unmediated -- volume
|m A14805312904
|
| 998 |
f |
f |
|a TA409 .I44 1979
|t 0
|l Remote Storage
|